Central Library OPAC University of Rajshahi

The poems of Alice Meynell. (Record no. 18014)

MARC details
000 -LEADER
fixed length control field 00748cam a22002651 4500
001 - CONTROL NUMBER
control field 18014
003 - CONTROL NUMBER IDENTIFIER
rucl marc code BD-RjUL
005 - DATE AND TIME OF LATEST TRANSACTION
control field 20211209000226.0
008 - FIXED-LENGTH DATA ELEMENTS--GENERAL INFORMATION
fixed length control field 140219r19471940en 001 0 eng
035 ## - SYSTEM CONTROL NUMBER
System control number (BD-RjUL)18072
System control number (OCoLC)1154960
040 ## - CATALOGING SOURCE
Original cataloging agency DLC
Transcribing agency OTU
Modifying agency DLC
-- BD-RjUL
Language of cataloging eng
041 ## - LANGUAGE CODE
Language code of text/sound track or separate title eng
082 00 - DEWEY DECIMAL CLASSIFICATION NUMBER
Classification number 821.89
Author mark and year MEP 1947
100 1# - MAIN ENTRY--PERSONAL NAME
Personal name Meynell, Alice,
Dates associated with a name 1847-1922.
9 (RLIN) 55535
245 04 - TITLE STATEMENT
Title The poems of Alice Meynell.
250 ## - EDITION STATEMENT
Edition statement Complete ed.
260 ## - PUBLICATION, DISTRIBUTION, ETC. (IMPRINT)
Place of publication, distribution, etc. London :
Name of publisher, distributor, etc. Oxford university press, H. Milford,
Date of publication, distribution, etc. 1940 [Reprinted 1947].
300 ## - PHYSICAL DESCRIPTION
Pagination xiv, 222 p., 1 l.
Illustrations front. (port.)
Size 19 cm.
504 ## - BIBLIOGRAPHY, ETC. NOTE
Bibliography, etc Includes index.
650 #0 - SUBJECT ADDED ENTRY--TOPICAL TERM
Topical term or geographic name as entry element Poems
9 (RLIN) 55536
942 ## - ADDED ENTRY ELEMENTS (KOHA)
Source of classification or shelving scheme Dewey Decimal Classification
Koha item type Books
Holdings
Lost status Source of classification or shelving scheme Damaged status Not for loan Collection code Permanent Location Current Location Shelving location Date acquired Source of acquisition Total Checkouts Full call number Date last seen Copy number Koha item type
  Dewey Decimal Classification   Not For Loan Non-fiction Central Library, University of Rajshahi Central Library, University of Rajshahi Reading Room 09/07/1955 Asia foundation   821.89 MEP 1947 19/02/2014 C-1 Books